Statistics for European NBA players - 2017/18 season

Click here to take the quiz!

General Stats

  • This quiz has been taken 98 times
    (58 since last reset)
  • The average score is 39 of 68

Answer Stats

Country Player Team % Correct
GermanyDirk NowitzkiMavericks
88%
LatviaKristaps PorzingisKnicks
88%
FranceTony ParkerSpurs
88%
SpainPau GasolSpurs
86%
SpainMarc GasolGrizzlies
86%
GreeceGiannis AntetokounmpoBucks
86%
CroatiaBojan BogdanovicPacers
83%
Bosnia-Herz.Jusuf NurkicTrail Blazers
81%
SerbiaBogdan BogdanovicKings
81%
MontenegroNikola VucevicMagic
81%
SerbiaNikola JokicNuggets
81%
SloveniaGoran DragicHeat
76%
FranceRudy GobertJazz
76%
SpainRicky RubioJazz
76%
FranceEvan FournierMagic
74%
FranceNicolas BatumHornets
74%
FinlandLauri MarkkanenBulls
74%
CroatiaDario Saric76ers
74%
LithuaniaDomantas SabonisPacers
74%
ItalyDanilo GallinariClippers
71%
PolandMarcin GortatWizards
71%
GermanyDenis SchröderHawks
69%
LithuaniaJonas ValanciunasRaptors
64%
SerbiaMilos TeodosicClippers
62%
SwitzerlandClint CapelaRockets
62%
TurkeyEnes KanterKnicks
62%
United KingdomLuol DengLakers
62%
CroatiaMario HezonjaMagic
60%
SpainSerge IbakaRaptors
60%
TurkeyErsan Ilyasova76ers
57%
LatviaDavis BertansSpurs
57%
TurkeyCedi OsmanCavaliers
57%
SpainJuan HernangomezNuggets
55%
SpainWilly HernangomezHornets
55%
GeorgiaZaza PachuliaWarriors
55%
CroatiaIvica ZubacLakers
55%
ItalyMarco BelinelliHawks
55%
GermanyMaxi KleberMavericks
52%
SerbiaBoban MarjanovicClippers
52%
SpainJosé CalderonCavaliers
50%
SwedenJonas JerebkoJazz
50%
SpainNikola MiroticPelicans
50%
SerbiaNemanja BjelicaTimberwolves
50%
GreeceKosta KoufosKings
50%
UkraineAlex LenSuns
48%
United KingdomO.J. AnunobyRaptors
48%
AustriaJakob PoeltlRaptors
48%
Czech Rep.Tomas SatoranskyWizards
48%
GermanyDaniel TheisCeltics
48%
FranceFrank NtilikinaKnicks
48%
CroatiaDragan BenderSuns
45%
CroatiaAnte ZizicCavaliers
45%
FranceJoakim NoahKnicks
43%
TurkeyFurkan Korkmaz76ers
43%
RussiaTimofey MozgovNets
43%
IsraelOmri CasspiWarriors
40%
SpainAlex AbrinesThunder
40%
SwitzerlandThabo SefoloshaJazz
38%
TurkeyÖmer AsikBulls
38%
Bosnia-Herz.Mirza TeletovicBucks
38%
FranceAlexis AjinçaPelicans
38%
FranceIan MahinmiWizards
36%
GreeceGeorgios PapagiannisKings
36%
FranceTimothé Luwawu-Cabarrot76ers
33%
FranceJoffrey LauvergneSpurs
33%
FranceGuerschon YabuseleCeltics
29%
IsraelT.J. LeafPacers
29%
GermanyPaul ZipserBulls
26%

Score Distribution

Percentile by Number Answered

Percent of People with Each Score

Your Score History

You have not taken this quiz since the last reset